Statistiques concernant Personnalités francophones en P

Cliquez ici pour prendre le quiz!

Statistiques générales

  • Ce quiz a été pris 14 766 fois
  • Le résultat moyen est 10 sur 16

Statistiques - réponses

Réponse% Correct
Paul Pogba
93%
Thomas Pesquet
92%
Stéphane Plaza
91%
Jean-Pierre Pernaut
86%
Vanessa Paradis
85%
Edith Piaf
84%
Edouard Philippe
81%
Valérie Pecresse
79%
Philippe Poutou
71%
Pomme
67%
Benoît Poelvoorde
55%
Manu Payet
53%
Alain Prost
47%
Natacha Polony
25%
Paul Pairet
19%
Audrey Pulvar
18%

Distribution des résultats

Percentile par nombre de réponses

% des personnes avec chaque résultat

Votre développement - résultats

Vous n’avez pas pris ce quiz